[Event "HUN-chT2 Erkel 1819"]
[Site "Hungary"]
[Date "2019.04.28"]
[Round "9.9"]
[White "Harmatosi, Jozsef"]
[Black "Fordan, Tibor"]
[Result "1-0"]
[WhiteElo "2106"]
[BlackElo "2142"]
[PlyCount "147"]
[EventDate "2018.10.28"]
[EventType "team-tourn"]
[EventRounds "9"]
[EventCountry "HUN"]
[SourceTitle "EXT 2021"]
[Source "ChessBase"]
[SourceDate "2020.10.23"]
[SourceVersion "1"]
[SourceVersionDate "2020.10.23"]
[SourceQuality "1"]
[WhiteTeam "Gyongyos Energia"]
[BlackTeam "Budapest EAC"]
[WhiteTeamCountry "HUN"]
[BlackTeamCountry "HUN"]

1. d4 d5 2. Nf3 e6 3. e3 Nf6 4. Nbd2 Be7 5. Bd3 c5 6. c3 Nc6 7. 0-0 0-0 8. dxc5 Bxc5 9. e4 e5 10. exd5 Qxd5 11. Qe2 Bg4 12. Ne4 Nxe4 13. Bxe4 Bxf3 14. Qxf3 Qe6 15. b4 Bb6 16. a4 Rad8 17. a5 Bc7 18. Bg5 f6 19. Be3 f5 20. Bxc6 bxc6 21. Bxa7 e4 22. Qe2 Rd3 23. Bd4 Qg6 24. f4 Qh6 25. g3 Ra8 26. Rad1 Rxd1 27. Rxd1 Qe6 28. Ra1 h6 29. Qa2 Qxa2 30. Rxa2 Ra6 31. Kf2 Kf7 32. Ke3 g5 33. h4 gxf4+ 34. gxf4 Bd8 35. h5 Be7 36. Rg2 c5 37. bxc5 Rxa5 38. c6 Ra4 39. Rg6 Rc4 40. Rxh6 Bc5 41. Rf6+ Ke7 42. Rxf5 Rxc3+ 43. Kxe4 Bxd4 44. Kxd4 Rxc6 45. Ke4 Rc3 46. Rg5 Kf6 47. Rg6+ Kf7 48. Kf5 Rc5+ 49. Kg4 Rc1 50. Rb6 Kg7 51. Kg5 Rg1+ 52. Kf5 Rf1 53. Rg6+ Kh7 54. Rg4 Kh6 55. Rh4 Ra1 56. Rh3 Ra5+ 57. Kg4 Ra1 58. Re3 Ra6 59. f5 Ra1 60. Re6+ Kg7 61. h6+ Kf7 62. h7 Rg1+ 63. Kf4 Rh1 64. Rb6 Rxh7 65. Rb7+ Kf6 66. Rb6+ Kf7 67. Ke5 Rh1 68. Rb7+ Kf8 69. Ke6 Ra1 70. Rb8+ Kg7 71. f6+ Kg6 72. Rg8+ Kh7 73. f7 Rf1 74. f8R 1-0

[Event "HUN-chT2 Erkel 1819"]
[Site "Hungary"]
[Date "2018.12.02"]
[Round "3.9"]
[White "Palla, Akos Botond"]
[Black "Harmatosi, Jozsef"]
[Result "0-1"]
[WhiteElo "1976"]
[BlackElo "2106"]
[PlyCount "32"]
[EventDate "2018.10.28"]
[EventType "team-tourn"]
[EventRounds "9"]
[EventCountry "HUN"]
[SourceTitle "EXT 2021"]
[Source "ChessBase"]
[SourceDate "2020.10.23"]
[SourceVersion "1"]
[SourceVersionDate "2020.10.23"]
[SourceQuality "1"]
[WhiteTeam "Sarkany DSE"]
[BlackTeam "Gyongyos Energia"]
[WhiteTeamCountry "HUN"]
[BlackTeamCountry "HUN"]

1. e4 Nc6 2. d4 d5 3. e5 Bf5 4. Nf3 e6 5. Be2 f6 6. Bf4 Nge7 7. Nh4 Ng6 8. Nxg6 Bxg6 9. Bb5 Be7 10. 0-0 0-0 11. Re1 fxe5 12. Bxe5 Nxe5 13. Rxe5 Bd6 14. Rxe6 Bxh2+ 15. Kxh2 Qh4+ 16. Kg1 Qxf2+ 0-1

[Event "Budapest FS09 Nadassy"]
[Site "Budapest"]
[Date "2018.09.07"]
[Round "6.3"]
[White "Vishwa, Vasnawala"]
[Black "Harmatosi, Jozsef"]
[Result "0-1"]
[WhiteElo "1677"]
[BlackElo "2106"]
[PlyCount "71"]
[EventDate "2018.09.01"]
[EventType "schev"]
[EventRounds "10"]
[EventCountry "HUN"]
[SourceTitle "CBM 186 Extra"]
[Source "ChessBase"]
[SourceDate "2018.08.24"]
[SourceVersion "1"]
[SourceVersionDate "2018.08.24"]
[SourceQuality "1"]

1. d4 Nf6 2. Bf4 d6 3. Nc3 g6 4. e4 Bg7 5. Qd2 0-0 6. 0-0-0 a6 7. f3 b5 8. g4 Bb7 9. h4 Nbd7 10. h5 e5 11. Be3 exd4 12. Bxd4 Ne5 13. hxg6 fxg6 14. Qh2 Qe7 15. Bg2 Rae8 16. Nh3 b4 17. Nd5 Nxd5 18. exd5 Nxf3 19. Bxf3 Bxd4 20. Rxd4 Rxf3 21. Kb1 Qh4 22. Rdd1 Re5 23. Ng1 Qxh2 24. Nxf3 Qf4 25. Nxe5 Qxe5 26. Rhe1 Qg5 27. Rd4 Bxd5 28. Rxb4 Qd2 29. Rb8+ Kg7 30. Rbe8 Bf3 31. R8e7+ Kf6 32. b3 Bxg4 33. Re8 Bf5 34. R8e2 Qc3 35. Rf1 a5 36. a4 0-1

[Event "Budapest FS08 Nadassy"]
[Site "Budapest"]
[Date "2018.08.13"]
[Round "9.3"]
[White "Harmatosi, Jozsef"]
[Black "Hart, Alexander E"]
[Result "1-0"]
[WhiteElo "2111"]
[BlackElo "1903"]
[PlyCount "49"]
[EventDate "2018.08.04"]
[EventType "team-tourn"]
[EventRounds "10"]
[EventCountry "HUN"]
[SourceTitle "CBM 186 Extra"]
[Source "ChessBase"]
[SourceDate "2018.08.24"]
[SourceVersion "1"]
[SourceVersionDate "2018.08.24"]
[SourceQuality "1"]
[WhiteTeam "Higher Elo"]
[BlackTeam "Lower Elo"]
[WhiteTeamCountry "HUN"]
[BlackTeamCountry "HUN"]

1. d4 d5 2. Nf3 Nf6 3. e3 Bf5 4. Ne5 c6 5. Nc3 h6 6. Bd3 Bxd3 7. Qxd3 e6 8. 0-0 Nbd7 9. f4 c5 10. f5 c4 11. Qe2 exf5 12. Rxf5 g6 13. Rf1 Nb6 14. Qf3 Be7 15. Bd2 0-0 16. Be1 Nh5 17. g4 Nf6 18. Bg3 Kg7 19. h4 Ne4 20. Nxe4 dxe4 21. Qxe4 Qd5 22. Rxf7+ Rxf7 23. Qxg6+ Kf8 24. Nxf7 Qf3 25. Bf4 1-0

[Event "Budapest FS08 Nadassy"]
[Site "Budapest"]
[Date "2018.08.06"]
[Round "3.3"]
[White "Harmatosi, Jozsef"]
[Black "Kumar, Naman"]
[Result "1/2-1/2"]
[WhiteElo "2111"]
[BlackElo "1914"]
[PlyCount "108"]
[EventDate "2018.08.04"]
[EventType "team-tourn"]
[EventRounds "10"]
[EventCountry "HUN"]
[SourceTitle "CBM 186 Extra"]
[Source "ChessBase"]
[SourceDate "2018.08.24"]
[SourceVersion "1"]
[SourceVersionDate "2018.08.24"]
[SourceQuality "1"]
[WhiteTeam "Higher Elo"]
[BlackTeam "Lower Elo"]
[WhiteTeamCountry "HUN"]
[BlackTeamCountry "HUN"]

1. d4 Nf6 2. Nf3 g6 3. g3 Bg7 4. Bg2 0-0 5. 0-0 d6 6. c3 Nbd7 7. Nbd2 e5 8. e4 Re8 9. Re1 exd4 10. cxd4 c5 11. e5 dxe5 12. dxe5 Ng4 13. e6 Rxe6 14. Rxe6 fxe6 15. Nc4 Qe7 16. Ng5 Nge5 17. Nd6 Nb6 18. Nge4 Nd5 19. Bg5 Qd7 20. Bh3 h6 21. Bc1 b6 22. Nxc8 Qxc8 23. f4 Nc4 24. Qg4 Kf7 25. Qe2 b5 26. a4 a6 27. Rb1 Qc6 28. Bg2 Ncb6 29. axb5 axb5 30. Qxb5 Qxb5 31. Nd6+ Ke7 32. Nxb5 Ra5 33. Nc3 Bxc3 34. bxc3 Nxc3 35. Rxb6 Ra1 36. Bh3 Rxc1+ 37. Kg2 Re1 38. Kf2 Re2+ 39. Kf3 Re3+ 40. Kf2 Nd1+ 41. Kf1 c4 42. Bg4 Nc3 43. Kf2 Nd5 44. Rc6 c3 45. Be2 Re4 46. Bf3 Rd4 47. Bxd5 Rd2+ 48. Kf3 exd5 49. Rxc3 Rxh2 50. Rc6 Kf7 51. Rc7+ Kf6 52. Rc6+ Kf7 53. Rc7+ Kf6 54. Rc6+ Kf7 1/2-1/2

[Event "HUN-chT2 Erkel 1718"]
[Site "Hungary"]
[Date "2018.02.18"]
[Round "8.4"]
[White "Gara, Peter"]
[Black "Harmatosi, Jozsef"]
[Result "1/2-1/2"]
[WhiteElo "2225"]
[BlackElo "2137"]
[PlyCount "31"]
[EventDate "2017.09.24"]
[EventType "team-tourn"]
[EventRounds "11"]
[EventCountry "HUN"]
[SourceTitle "EXT 2021"]
[Source "ChessBase"]
[SourceDate "2020.10.23"]
[SourceVersion "1"]
[SourceVersionDate "2020.10.23"]
[SourceQuality "1"]
[WhiteTeam "Sarkany DSE"]
[BlackTeam "Gyongyos Energia"]
[WhiteTeamCountry "HUN"]
[BlackTeamCountry "HUN"]

1. e4 Nc6 2. d4 d5 3. Nc3 dxe4 4. d5 Nb8 5. Bf4 Nf6 6. Bb5+ c6 7. Bxb8 cxb5 8. Bf4 Qd7 9. a4 bxa4 10. Rxa4 b5 11. Ra5 Bb7 12. Rxb5 Rd8 13. Nge2 Nxd5 14. Nxd5 Bxd5 15. Nc3 e6 16. Qd4 1/2-1/2

[Event "Eger Agria op 41th"]
[Site "Eger"]
[Date "2017.07.21"]
[Round "7"]
[White "Harmatosi, Jozsef"]
[Black "Eperjesi, Laszlo"]
[Result "1/2-1/2"]
[WhiteElo "2152"]
[BlackElo "2053"]
[PlyCount "26"]
[EventDate "2017.07.17"]
[EventType "swiss"]
[EventRounds "9"]
[EventCountry "HUN"]
[SourceTitle "EXT 2020"]
[Source "ChessBase"]
[SourceDate "2019.10.17"]
[SourceVersion "1"]
[SourceVersionDate "2019.10.17"]
[SourceQuality "1"]

1. d4 Nf6 2. Nf3 d5 3. e3 e6 4. Nbd2 c5 5. c3 Nc6 6. Bd3 Bd6 7. 0-0 0-0 8. dxc5 Bxc5 9. b4 Bd6 10. Bb2 e5 11. e4 Re8 12. exd5 Nxd5 13. Ne4 Be7 1/2-1/2

[Event "Eger Agria op 41th"]
[Site "Eger"]
[Date "2017.07.20"]
[Round "6"]
[White "Majoros, Rozsa Evelin"]
[Black "Harmatosi, Jozsef"]
[Result "0-1"]
[WhiteElo "1907"]
[BlackElo "2152"]
[PlyCount "102"]
[EventDate "2017.07.17"]
[EventType "swiss"]
[EventRounds "9"]
[EventCountry "HUN"]
[SourceTitle "EXT 2020"]
[Source "ChessBase"]
[SourceDate "2019.10.17"]
[SourceVersion "1"]
[SourceVersionDate "2019.10.17"]
[SourceQuality "1"]

1. e4 Nc6 2. d4 d5 3. Nc3 Nf6 4. e5 Nd7 5. f4 Nb6 6. Nf3 Bg4 7. Be3 e6 8. h3 Bxf3 9. Qxf3 Bb4 10. a3 Bxc3+ 11. bxc3 Qd7 12. Bd3 Na5 13. 0-0 g6 14. Rab1 Nac4 15. Bxc4 Nxc4 16. Bf2 Nd2 17. Qe2 Nxf1 18. Rxb7 Qc6 19. Rb3 Qc4 20. Qxf1 Qxf1+ 21. Kxf1 Kd7 22. Ke2 Rhb8 23. Kd3 Rb6 24. c4 Rab8 25. Kc3 dxc4 26. Rb4 Rxb4 27. axb4 a5 28. bxa5 Rb5 29. Kxc4 Rxa5 30. Kd3 Ra3+ 31. Kc4 Kc6 32. Kb4 Ra2 33. Kb3 Ra1 34. Kc4 Rh1 35. Kd3 Rh2 36. Ke3 Rxg2 37. c4 Rh2 38. h4 h5 39. Kf3 Rh1 40. Ke4 Rb1 41. Be3 Rb2 42. d5+ Kd7 43. dxe6+ Kxe6 44. Kf3 Rc2 45. c5 Kf5 46. Bg1 Rc3+ 47. Be3 c6 48. Ke2 Ke4 49. Bf2 Rc2+ 50. Ke1 Kxf4 51. Bd4 Rc4 0-1

[Event "HUN-chT2 Breyer 1516"]
[Site "Hungary"]
[Date "2016.02.14"]
[Round "7.3"]
[White "Nadasi, Balazs"]
[Black "Harmatosi, Jozsef"]
[Result "1-0"]
[WhiteElo "2129"]
[BlackElo "2153"]
[PlyCount "95"]
[EventDate "2015.09.13"]
[EventType "team-tourn"]
[EventRounds "11"]
[EventCountry "HUN"]
[SourceTitle "EXT 2017"]
[Source "ChessBase"]
[SourceDate "2016.10.25"]
[SourceVersion "1"]
[SourceVersionDate "2016.10.25"]
[SourceQuality "1"]
[WhiteTeam "Sarkany DSE"]
[BlackTeam "Szazhalombatta"]
[WhiteTeamCountry "HUN"]
[BlackTeamCountry "HUN"]

1. e4 Nc6 2. d4 d5 3. e5 f6 4. f4 Nh6 5. Nf3 a6 6. Be2 Bf5 7. 0-0 e6 8. a3 Be7 9. c4 Be4 10. Nc3 f5 11. Kh1 0-0 12. Be3 Nf7 13. Nd2 Qd7 14. Ndxe4 dxe4 15. d5 Ncd8 16. c5 exd5 17. Qxd5 Qc8 18. g4 Kh8 19. gxf5 Qxf5 20. Nxe4 Nc6 21. Ng3 Qh3 22. Qg2 Qxg2+ 23. Kxg2 g5 24. e6 gxf4 25. Bxf4 Nfe5 26. b4 Rae8 27. Bh5 Rd8 28. Rad1 Rxd1 29. Bxd1 b6 30. cxb6 cxb6 31. Bh6 Rxf1 32. Kxf1 Nd4 33. Be3 Nec6 34. Kf2 a5 35. bxa5 bxa5 36. a4 Nxe6 37. Bb3 Ned8 38. Nf5 Bf6 39. h4 Bc3 40. Kf3 Ne5+ 41. Ke4 Ndc6 42. h5 Ng4 43. Bc5 Nf6+ 44. Kd3 Bb4 45. Be3 Ne5+ 46. Kc2 Nfd7 47. h6 Be1 48. Bd4 1-0